The noble scholar, jurist, historian


 His Excellency Dr. Abdul Wahhab bin Ibrahim Abu Sulaiman, may Allah have mercy on him.


 He was born in Umm Al-Qura in the year 1356 AH.

دفع الشدة بجواز تأخير الآفاق للإحرام إلى جدة/ (Record no. 14067)

MARC details
000 -LEADER
fixed length control field 01468cgm a2200253 a 4500
003 - CONTROL NUMBER IDENTIFIER
control field SA-RiAUC
005 - DATE AND TIME OF LATEST TRANSACTION
control field 20260123143959.0
007 - PHYSICAL DESCRIPTION FIXED FIELD--GENERAL INFORMATION
fixed length control field hd u|u uuuu          
008 - FIXED-LENGTH DATA ELEMENTS--GENERAL INFORMATION
fixed length control field 260101s1909 |||--- g a fnara c
040 ## - CATALOGING SOURCE
Original cataloging agency SA-JeALM
Language of cataloging ara
Transcribing agency SA-RiAUC
Description conventions rda
082 04 - DEWEY DECIMAL CLASSIFICATION NUMBER
Classification number 252.53
090 ## - LOCALLY ASSIGNED LC-TYPE CALL NUMBER (OCLC); LOCAL CALL NUMBER (RLIN)
Classification number (OCLC) (R) ; Classification number, CALL (RLIN) (NR) م ن 252.53
Local cutter number (OCLC) ; Book number/undivided call number, CALL (RLIN) ج ع ف
100 1# - MAIN ENTRY--PERSONAL NAME
Personal name جعفر لبني، جعفر بن أبي بكر بن جعفر،
Dates associated with a name 1282-1342 هـ.
245 10 - TITLE STATEMENT
Title دفع الشدة بجواز تأخير الآفاق للإحرام إلى جدة/
Statement of responsibility, etc. جعفر بن أبي بكر بن جعفر اللبني الحنفي المكي.
260 ## - PUBLICATION, DISTRIBUTION, ETC.
Date of publication, distribution, etc. [1909]
300 ## - PHYSICAL DESCRIPTION
Extent 8 صفحة؛
Dimensions 29 سم.
500 ## - GENERAL NOTE
General note أوله : بعد البسملة وبه نستعين الحمد لله وحده والصلاة والسلام على من لا نبي بعده وعلى آله وصحبه وكل من ألهم رشده وبعد فيقول ...
500 ## - GENERAL NOTE
General note آخره : إن جميع المنازل التي بين ذي الحليفة ... كالصفراء وبدر هي مصورة من الحل لكونها داخل الميقات الذي هو ذو الحليفة مع أن ...
581 ## - PUBLICATIONS ABOUT DESCRIBED MATERIALS NOTE
Publications about described materials note المخطوطة مطبوعة بالمطبعة الخيرية بدار السلطنة العليا.
650 #7 - SUBJECT ADDED ENTRY--TOPICAL TERM
Topical term or geographic name entry element الإحرام
Form subdivision مخطوطات
Source of heading or term aucsh
650 #7 - SUBJECT ADDED ENTRY--TOPICAL TERM
Topical term or geographic name entry element الحج (فقه إسلامي)
General subdivision مناسك
Form subdivision مخطوطات
Source of heading or term aucsh
942 ## - ADDED ENTRY ELEMENTS (KOHA)
Source of classification or shelving scheme Dewey Decimal Classification
Koha item type كتاب مصور نادر
Suppress in OPAC No
949 ## - LOCAL PROCESSING INFORMATION (OCLC)
a SA-JeALM
d 260101
u mohamedma123
n 1
Holdings
Withdrawn status Lost status Source of classification or shelving scheme Damaged status Not for loan Home library Current library Date acquired Total checkouts Full call number Barcode Date last seen Price effective from Koha item type
    Dewey Decimal Classification     DR AbdElwahab Library DR AbdElwahab Library 01/14/2026   م ن 252.53 ج ع ف 000022480 01/14/2026 01/14/2026 كتاب مصور نادر
    Dewey Decimal Classification     DR AbdElwahab Library DR AbdElwahab Library 01/18/2026   م ن 252.53 ج ع ف 000022504 01/18/2026 01/18/2026 كتاب مصور نادر
    Dewey Decimal Classification     DR AbdElwahab Library DR AbdElwahab Library 01/18/2026   م ن 252.53 ج ع ف 000022513 01/18/2026 01/18/2026 كتاب مصور نادر